000 00207 a2200097 4500
001 26206
100 _aAndrews M
245 _aLife that lives on man
260 _a
_bFaber & Faber
_c
090 _c17684
_d17684
942 _aNUST-CAE
_cM
_c8540
999 _c261279
_d261279